|
|
|
|
| LEADER |
00909nam a2200241 a 4500 |
| 001 |
4504809 |
| 008 |
100222s1998 dcua b 000 0 eng d |
| 010 |
|
|
|a 98004023
|
| 020 |
|
|
|a 0821342266 (pbk.)
|
| 040 |
|
|
|a DLC
|c DLC
|d DLC
|
| 082 |
0 |
0 |
|a 339.4/6/021
|2 21
|
| 100 |
1 |
|
|a Ravallion, Martin.
|
| 245 |
1 |
0 |
|a Poverty lines in theory and practice /
|c Martin Ravallion.
|
| 260 |
|
|
|a Washington, DC :
|b World Bank,
|c c1998.
|
| 300 |
|
|
|a x, 35 p. :
|b ill. ;
|c 28 cm.
|
| 490 |
|
0 |
|a LSMS working paper,
|x 0253-4517 ;
|v no. 133
|
| 504 |
|
|
|a Includes bibliographical references (p. 32-35).
|
| 541 |
1 |
|
|e 00007157
|
| 650 |
|
0 |
|a Poverty
|x Econometric models.
|
| 650 |
|
0 |
|a Poverty
|x Statistical methods.
|
| 852 |
4 |
|
|a Ayesha Abed Library
|j General shelf
|
| 999 |
|
|
|c 7646
|d 7646
|
| 952 |
|
|
|0 0
|1 0
|2 ddc
|4 0
|6 339_460210000000000_RAV_1998
|7 0
|9 8373
|a BRACUL
|b BRACUL
|c GEN
|d 2010-02-22
|l 0
|o 339.46021 RAV
|p 3010007157
|r 2010-02-22
|t 1
|w 2010-02-22
|y BK
|